Une réplique = un film commençant par L - Statistiques

Statistiques générales
  • Ce quiz a été pris 75 fois
  • Le résultat moyen est 6 sur 20
Statistiques - réponses
Réplique(s) Film % Correct
La tour Eiffel… entièrement faite avec des allumettes, 346 422 exactement ! Le diner de cons
86%
Personne ne lance un nain ! [Gimli] Le Seigneur des anneaux, la communauté de l'anneau / Lord of rings
64%
Eh ben si on peut plus péter sous les étoiles sans faire tomber un martien, il va nous en arriver des pleines brouettes! La soupe aux choux
59%
Je m'appelle Delphine, je suis alcoolique. Ce qui m'a sauvé, c'est mon équipe de natation synchronisée masculine. Le grand bain
47%
- Salade of Tomatoes and entrecôte bordOUlaise. [Charles Duchemin] - Avec du coca cola ? - Non, with Beaujolais Nouveau. [Charles Duchemin] " L'aile ou la cuisse
39%
Personne ne raccroche le téléphone avant que le client n’achète ou ne meure ! Le loup de Wall Street
39%
- Moi, j'ai un club pour toi. [Patrick Orbéra] - La Juve ? Le Barça ? [Rayane Ziani] - Molen, en Bretagne. - En Grande Bretagne ? - Non, en petite Bretagne. - Faut faire des vaccins ? Les Seigneurs
36%
- Qu'est-ce que c'est ? - Nous devons obtenir le laisser-passer A38 - Immatriculer une galère ? Non on vous a mal dirigé. Vous devez vous adresser à la capitainerie au port ! Les 12 travaux d'Asterix
33%
Le pouvoir du Christ t'oblige ! [père Damien Karras] L'exorciste
23%
Comment a-t'on pu en arriver là? L'armée allemande m'a menti. Tout le monde m'a menti. Même les SS. La totalité de mes généraux n'est qu'un ramassis de lâches, de traîtres, de moins que rien indignes de ma confiance. La chute
22%
Je suis lui, lui, lui et lui et lui aussi et lui aussi... et je suis lui aussi... et puis lui, lui je veux pas le décevoir. Je suis elle, elle et elle aussi, je suis français, espagnol, anglais, danois, je suis pas un mais plusieurs. Je suis comme l’Europe je suis tout ça, je suis un vrai bordel. L'auberge Espagnole
22%
Les sanglots longs des violons de l’automne, blessent mon cœur d’une langueur monotone. Le jour le plus long
19%
- C'est magnifique. - Oh, Ah... Ça commence toujours comme ça et puis après il y a les ""sauve qui peut"" et il y a les hurlements. [Dr Ian Malcolm]" Le Monde Perdu : Jurassic Park
19%
- La vérité, c’est que Dieu me déteste. [Roger Murtaugh] - Hé ben, fais comme moi. Rends-lui la monnaie. [Martin Riggs] " L'arme Fatale
17%
- Il faut évacuer toute la population qui est au sud de cette ligne. - Que fait-on pour la population au Nord? - Si les gens vont dehors, la tempête les tuera. Le jour d'après
17%
Je te dois 120.000 francs, la saucisse est à 12 avec un coca, ça fait 30 francs, tu peux venir déjeuner chez moi quand tu veux pendant 10 ans. La vérité si je mens
8%
Le but du jeu, c'est de mettre en lien les indices pour deviner le thème du repas. Le menu
6%
Je regrette tout ce qu'il s'est passé. Quoique Mike dise, c'est ma faute // Je t'aime maman, je t'aime papa. je vous demande Pardon. [Heather Donahue] Le projet Blair Witch
5%
Son dieu est Dieu ! [Ramsès II] Les dix Commandements
5%
J’avais déjà des voleurs, des vandales, des racketteurs, des dealers, des caractériels, des agités. Il me manquait les foulards et les barbus. Et ben ça y est, je les ai ! [le principal Gauthier] Le plus beau métier du monde
3%
Aucun quiz correspondant
Distribution des résultats
% des personnes avec chaque résultat
Percentile par nombre de réponses
Votre historique - résultats
Vous n’avez pas pris ce quiz